|
|
|
|
| LEADER |
00579nam a2200145Ia 4500 |
| 001 |
82551 |
| 008 |
170722s9999 xx 000 0 und d |
| 100 |
|
|
|a Otto, Henry J.
|
| 245 |
|
|
|a Social education in elementary schools /
|
| 260 |
|
|
|c 1957.
|
| 490 |
|
|
|a Rinehart books in elementary educations
|
| 942 |
|
|
|c GEN
|
| 999 |
|
|
|c 51327
|d 51327
|
| 952 |
|
|
|0 0
|1 0
|4 0
|6 T_15OBY_J6J61
|7 0
|8 LC1
|9 73052
|a LIB
|b LIB
|d 2017-08-12
|h LC1
|o T15obY J6-J6;1
|p 67684
|r 2017-08-12
|w 2017-08-12
|y GEN
|
| 952 |
|
|
|0 0
|1 0
|4 0
|6 T_15OBY_J6J61
|7 0
|8 LC1
|9 73053
|a LIB
|b LIB
|d 2017-08-12
|h LC1
|o T15obY J6-J6;1
|p 103329
|r 2017-08-12
|w 2017-08-12
|y GEN
|